00412nam a2200169Ia 4500008004100000020001800041245002800059245003100087260001500118260001600133260000900149300001500158300002500173300001000198440002600208500000800234170705s9999 xx 000 0 und d a9780590414272 aInside the human body / cJoanna Cole & Bruce Degen. aNew York : bScholastic, c1989 a40 pages : bcolor illustration ; c21cm. aThe magic school bus. a520